000 00827na a2200277 4500
001 21430
003 MIRAKIL
005 20181213155153.0
008 170204b tu 000 0
020 _a9784581673
040 _aMilas
_btur
_cTR-AnCHP
041 _atur
082 _a328.9561
_bT11 1999
090 _a328.9561 T11 1999
130 _aTBMM gizli Celse Zabıtları
245 _aTBMM gizli Celse Zabıtları
_b6 Mart 1338 (1922) - 27 Şubat 1338 (1923)
_cRedaksiyon ve Düzelti; Sami Önal
250 _a3. bs.
260 _aİstanbul
_bTürkiye İş Bankası Kültür Yayınları
_c1999
300 _ac.3 ; 1301 s.
_c28 cm.
490 _aTarih dizisi
_818
490 _aİçtima
_v3
490 _aDevre
_v1
610 _aTBMM
_f1921-1934
_gToplantı tutanaklar
700 _aÖnal, Sami
942 _2ddc
_cBKS
999 _c7886
_d7886